Statistics for Moved Capital Cities

Click here to take the quiz!

General Stats

  • This quiz has been taken 12,008 times
  • The average score is 12 of 20

Answer Stats

Answer % Correct
Moscow
98%
Edo (Tokyo)
96%
Rio de Janeiro
93%
Istanbul
91%
Beijing
90%
Berlin
83%
Auckland
73%
Philadelphia
68%
Colombo
62%
Rabat
61%
Abuja
58%
Rome
57%
Stockholm
52%
Kabul
46%
Astana (Nur-Sultan)
46%
Yangon
39%
Copenhagen
38%
Dar es Salaam
36%
Belize City
31%
Abidjan
26%

Score Distribution

Percentile by Number Answered

Percent of People with Each Score

Your Score History

You have not taken this quiz